Tropical fruit

Bibliographic Details
Main Author: Tate, Desmond
Format: Book
Published: Singapore : Archipelago Press , 2000
Subjects:

MARC

LEADER 00000cam a2200000 7i4500
001 0000019688
005 20080618.0
008 080618
020 |a 9814217217 
090 0 0 |a 634.6   |b TAT 
100 1 |a Tate, Desmond 
245 1 0 |a Tropical fruit   |c Desmond Tate 
260 |a Singapore :   |b Archipelago Press ,   |c 2000 
650 0 |a Cookery (tropical fruit) 
650 0 |a Tropical fruit 
650 0 |a Tropical fruit   |x varieties 
999 |a 0001025683   |b Book   |c Adult Collection   |e Perbadanan Perpustakaan Awam Johor